Disability Matters: (Record no. 207639)

MARC details
000 -LEADER
fixed length control field 00711nam a22002177a 4500
005 - DATE AND TIME OF LATEST TRANSACTION
control field 20250122161940.0
010 ## - LCCN (DPL NO)
LC control number ENG-143013
020 ## - INTERNATIONAL STANDARD BOOK NUMBER
Terms of availability 50.00
International Standard Book Number 9788195667314
035 ## - SYSTEM CONTROL NUMBER
System control number EN-126545
037 ## - SOURCE OF ACQUISITION
Source of stock number/acquisition DBAD
082 ## - DEWEY DECIMAL CLASSIFICATION NUMBER
Classification number 362.4
245 ## - TITLE STATEMENT
Title Disability Matters:
Remainder of title A Guide for Parents and Caregivers/
Statement of responsibility, etc Compiled By Shirly G; Nilasha S [and] Priya Anna James
250 ## - EDITION STATEMENT
Edition statement 1
260 ## - PUBLICATION, DISTRIBUTION, ETC. (IMPRINT)
Place of publication, distribution, etc Kerela
Name of publisher, distributor, etc National Institute of Speech & Hearing
270 ## - ADDRESS
Address NISH Road, Thiruvananthapuram
City Kerela
Postal code 695017
300 ## - PHYSICAL DESCRIPTION
Extent xxvii,219p.
Dimensions 20cm (hb)
700 ## - ADDED ENTRY--PERSONAL NAME
Personal name G, Shirly
Relator term Compiled
9 (RLIN) 75073
700 ## - ADDED ENTRY--PERSONAL NAME
Personal name S, Nilasha
9 (RLIN) 75074
700 ## - ADDED ENTRY--PERSONAL NAME
Personal name James, Priya Anna
9 (RLIN) 75075
942 ## - ADDED ENTRY ELEMENTS (KOHA)
Source of classification or shelving scheme Dewey Decimal Classification
Item type English Books
Classification part 362.4
Call number suffix DIS
Holdings
Withdrawn status Lost status Not for loan Collection code Home library Current library Date acquired Source of acquisition Cost, normal purchase price Full call number Barcode Copy number Cost, replacement price Koha item type
      Non-fiction Ashok Vihar Ashok Vihar 12/12/2024 Delivery of Books Division 50.00 362.4 DIS EN-126545 1 50.00 English Books

© Delhi Public Library
Hit Counter
free hit counter